Statistics for NBA Teams by Arena Pictures

Click here to take the quiz!

General Stats

  • This quiz has been taken 48 times
  • The average score is 15 of 29

Answer Stats

Answer% Correct
Los Angeles Clippers/Lakers
84%
Memphis Grizzlies
74%
Brooklyn Nets
71%
Miami Heat
68%
Boston Celtics
61%
New Orleans Pelicans
61%
Oklahoma City Thunder
61%
Houston Rockets
58%
San Antonio Spurs
58%
Toronto Raptors
58%
Cleveland Cavaliers
55%
Golden State Warriors
55%
Orlando Magic
55%
Dallas Mavericks
47%
Detroit Pistons
47%
New York Knicks
47%
Philadelphia 76ers
47%
Phoenix Suns
47%
Indiana Pacers
45%
Milwaukee Bucks
42%
Minnesota Timberwolves
42%
Portland Trail Blazers
39%
Sacramento Kings
37%
Utah Jazz
37%
Atlanta Hawks
34%
Chicago Bulls
34%
Washington Wizards
32%
Denver Nuggets
29%
Charlotte Hornets
26%

Score Distribution

Percentile by Number Answered

Percent of People with Each Score

Your Score History

You have not taken this quiz